مكتبة جامعة عجلون الوطنية

فهرس بحث المكتبة

The FAO for Controllimg the Desert Locust in the Central Region : A Celebration of 50 Years of Service 1967 - 2017 / (Record no. 33303)

MARC details
000 -LEADER
fixed length control field 00764nam a22001937a 4500
003 - CONTROL NUMBER IDENTIFIER
control field JO-AjAnu
005 - DATE AND TIME OF LATEST TRANSACTION
control field 20231213123255.0
008 - FIXED-LENGTH DATA ELEMENTS--GENERAL INFORMATION
fixed length control field 231213b jo ||||| |||| 00| 0 ara d
022 ## - INTERNATIONAL STANDARD SERIAL NUMBER
International Standard Serial Number 9789251096468
040 ## - CATALOGING SOURCE
Language of cataloging ara
Transcribing agency JO-AjAnu
Modifying agency ANU
100 ## - MAIN ENTRY--PERSONAL NAME
Personal name Pantenius، Christian
9 (RLIN) 65027
Relator term Author
245 ## - TITLE STATEMENT
Title The FAO for Controllimg the Desert Locust in the Central Region : A Celebration of 50 Years of Service 1967 - 2017 /
Statement of responsibility, etc. Christian Pantenius
260 ## - PUBLICATION, DISTRIBUTION, ETC.
Place of publication, distribution, etc. Cairo :
Date of publication, distribution, etc. The FAO Commission Controlling the Desert Locust in the Central Region،
Name of publisher, distributor, etc. 2017
300 ## - PHYSICAL DESCRIPTION
Extent 164 Pages
500 ## - GENERAL NOTE
General note Contains pictures<br/>Includes two languages ​​(Arabic and English)<br/>
650 ## - SUBJECT ADDED ENTRY--TOPICAL TERM
Form subdivision desert locust-Combat
700 ## - ADDED ENTRY--PERSONAL NAME
Personal name Munir Butrous
9 (RLIN) 65028
Relator term Translator
942 ## - ADDED ENTRY ELEMENTS (KOHA)
Source of classification or shelving scheme Library of Congress Classification
Koha item type Books
Suppress in OPAC No
Holdings
Withdrawn status Lost status Source of classification or shelving scheme Damaged status Not for loan Home library Current library Date acquired Total Checkouts Full call number Barcode Date last seen Price effective from Koha item type
    Library of Congress Classification     مكتبة جامعة عجلون الوطنية مكتبة جامعة عجلون الوطنية 13/12/2023   SB945.C55.M33.2017 E3681 13/12/2023 13/12/2023 Books